Statistics for Actors with no Oscars

Click here to take the quiz!

General Stats

  • This quiz has been taken 28 times
  • The average score is 2 of 10

Answer Stats

Answer% Correct
Tom Cruise
63%
Johnny Depp
30%
Jim Carrey
19%
Samuel L. Jackson
15%
Amy Adams
11%
Robert Downey Jr.
11%
Michael Keaton
4%
Bill Murray
0%
Michelle Williams
0%
Sigourney Weaver
0%

Score Distribution

Percentile by Number Answered

Percent of People with Each Score

Your Score History

You have not taken this quiz